Loading...
| Beliefs | 5 | 16.00 | 100% | 60% | 0% |
| Current Events | 2 | 10.00 | 100% | 0% | 0% |
| Fine Arts - Auditory Fine Arts | 5 | 14.00 | 80% | 40% | 20% |
| Fine Arts - Other Arts | 1 | 0.00 | 0% | 0% | 0% |
| Fine Arts - Visual Fine Arts | 7 | 7.14 | 43% | 29% | 0% |
| History - American History | 5 | 4.00 | 40% | 0% | 0% |
| History - European History | 3 | 3.33 | 33% | 0% | 0% |
| History - World History | 3 | 10.00 | 100% | 0% | 0% |
| Literature - American Literature | 2 | 5.00 | 50% | 0% | 0% |
| Literature - British Literature | 1 | 20.00 | 100% | 0% | 100% |
| Literature - European Literature | 3 | 3.33 | 33% | 0% | 0% |
| Other Science: Earth Science | 2 | 20.00 | 100% | 50% | 50% |
| Philosophy | 5 | 12.00 | 100% | 20% | 0% |
| Science - Biology | 2 | 15.00 | 100% | 50% | 0% |
| Science - Chemistry | 2 | 5.00 | 50% | 0% | 0% |
| Science - Physics | 1 | 10.00 | 100% | 0% | 0% |
| Social Science | 2 | 5.00 | 50% | 0% | 0% |
| 6 | 11.67 | 50% | 50% | 17% |